000 00440pab a2200181 454500
008 180718b1996 xxu||||| |||| 00| 0 eng d
100 _aEngineer, Asghar Ali
245 _aBJP, elections and minorities
260 _c1996
300 _ap.14-19
362 _a22 Jun
650 _aBhartiya Janata Party
650 _aMinorities - India
650 _aElections - India
650 _aElections
773 _aMainstream
909 _a31306
999 _c31306
_d31306